| 000 | 01409cad a22002175a 4500 | ||
|---|---|---|---|
| 001 | L149305 | ||
| 008 | 090720s2009 xxk 000 0 eng u | ||
| 035 | _a(Sirsi) u149306 | ||
| 041 | 0 | _aeng | |
| 100 | 1 | _aLown, Matthew | |
| 245 | 0 | 0 |
_aLeading from the front _bclient requirements for sustainable buildings _h[electronic resource] |
| 260 | _c2010 | ||
| 490 | 4 |
_aThe Journal _bRICS Building Surveying Journal _vMarch/April 2010, 6(1) |
|
| 520 | _aThe RICS guidance note Sustainability and the RICS property lifecycle, states: "The interrelationships of the five phases in the RICS property lifecycle are critical to achieving sustainability for the profession. By considering the consequences of decisions relating to sustainability, as well as the impact on the other phases of the RICS property lifecycle, it is possible to develop a better framework for decision making." Surveyors have a role in helping clients improve the performance of their property and make existing building stock more sustainable with less environmental impacts. | ||
| 590 | _aKA | ||
| 651 | 4 |
_aUnited Kingdom _y |
|
| 690 | _aENVIRONMENTAL AND LAND CONSULTANCY-SUSTAINABILITY-SUSTAINABLE DEVELOPMENT | ||
| 690 | _aENVIRONMENTAL AND LAND CONSULTANCY-SUSTAINABILITY | ||
| 856 | 4 | 1 |
_uhttps://www.rics.org/site/download_feed.aspx?fileID=5880&fileExtension=PDF _zView this item (member-only access) at www.rics.org |
| 942 | _n0 | ||
| 999 |
_c82124 _d82124 |
||